US Sassuolo Squad 2020-2021 - Statistics

General Stats
  • This quiz has been taken 23 times
    15 since last reset
  • The average score is 21 of 31
Answer Stats
# Position Nation Player % Correct
25 FW Italy Domenico Berardi
100%
47 GK Italy Andrea Consigli
91%
18 FW Italy Giacomo Raspadori
91%
7 FW Ivory Coast Jérémie Boga
91%
- Coach Italy Roberto De Zerbi
91%
9 FW Italy Francesco Caputo
82%
23 MF Ivory Coast Hamed Junior Traorè
82%
22 DF Germany Jeremy Toljan
82%
8 MF France Maxime López
82%
17 DF Turkey Mert Müldür
82%
6 DF Brazil Rogério
82%
21 DF Romania Vlad Chiricheș
82%
10 MF Serbia Filip Đuričić
73%
4 MF Italy Francesco Magnanelli
73%
77 DF Greece Georgios Kyriakopoulos
73%
56 GK Italy Gianluca Pegolo
73%
31 DF Italy Gian Marco Ferrari
73%
92 FW France Grégoire Defrel
73%
5 DF Turkey Kaan Ayhan
73%
27 FW Slovakia Lukáš Haraslín
73%
73 MF Italy Manuel Locatelli
73%
2 DF Brazil Marlon Santos
73%
68 MF Morocco Mehdi Bourabia
73%
14 MF Equatorial Guinea Pedro Obiang
73%
13 DF Italy Federico Peluso
64%
63 GK Italy Stefano Turati
45%
19 DF Italy Filippo Romagna
36%
91 FW Uruguay Nicolás Schiappacasse
36%
30 FW Ghana Brian Oddei
18%
16 FW Italy Federico Ricci
18%
28 MF Romania Raul Șteau
0%
No matching quizzes found
Score Distribution
Percent of People with Each Score
Percentile by Number Answered
Your Score History
You have not taken this quiz since the last reset